[Event "Dubai op"]
[Site "Dubai"]
[Date "2001.04.16"]
[Round "2"]
[White "Kharlov, Andrei"]
[Black "Mahdi, Khaled"]
[Result "1/2-1/2"]
[WhiteElo "2639"]
[BlackElo "2354"]
[Annotator "Tsesarsky"]
[PlyCount "107"]
[EventDate "2001.04.15"]
[EventType "swiss"]
[EventRounds "9"]
[EventCountry "UAE"]
[SourceTitle "CBM 083"]
[Source "ChessBase"]
[SourceDate "2001.07.05"]
[SourceVersion "1"]
[SourceVersionDate "2001.07.05"]
[SourceQuality "1"]

1. c4 g6 2. Nc3 Bg7 3. d4 d6 4. e4 Nf6 5. h3 O-O 6. Be3 Na6 7. Nf3 {The game
is transformed into 7.Be3 variation. Nevertheless, the main variation is 7.Bg5
(after Nf3, of course).} c5 {Another continuations also worth of attention:} (
7... e5 {-mainline}) (7... c6 $5) (7... Qe8 8. a3 e5 9. dxe5 dxe5 10. b4 {
-see commented game 1-0 Piket,J-Reinderman,D/Amsterdam 1999/CBM 73 [Huzman,A]
(32)}) 8. d5 (8. e5 dxe5 9. dxe5 Nd7 10. e6 fxe6 11. Be2 Nc7 12. O-O b6 $15 {
1-0 Donchenko,A-Kots,Y/Dnepropetrovsk 1966/EXT 2001 (46)}) (8. Rc1 Qa5 9. Qd2
cxd4 10. Nxd4 Nc5 11. f3 Ne6 12. Nb3 Qd8 13. Be2 $14 {0-1 Varta,J-Sykora,P/
Decin 1995/EXT 97 (41)}) (8. Bd3 cxd4 (8... b6 9. O-O Nc7 10. d5 e5 11. Qd2 $14
{0-1 Abdulsalam,N-Quinn,D/Istanbul 2000/EXT 2001 (63)}) 9. Nxd4 $14 (9. Bxd4
Nc5 10. b4 Nxd3+ 11. Qxd3 b6 $132 {1-0 Sinke,W-De Nieuwe,R/Vlissingen 2000/CBM
77 ext (38)})) 8... Nc7 (8... Nd7 9. Bd3 Ne5 10. Nxe5 Bxe5 11. O-O Nb4 12. Bb1
Bd7 13. a3 Na6 14. Qd2 Rb8 15. Bd3 $14 {1-0 Chervonenko,I-Hoyos,A/Matinhos
1994/EXT 97 (49)}) 9. Qd2 (9. Be2 a6 10. a4 b6 11. Qd2 Rb8 12. e5 dxe5 13. Nxe5
Ne4 14. Nxe4 Bxe5 15. Bh6 $14 {1-0 Alvarez Ibarra,R-Piera,J/Villalba 1993/EXT
2000 (26)}) (9. Bd3 a6 (9... e6 10. e5 $1 (10. O-O exd5 11. exd5 (11. cxd5 b5
$132) 11... b5 12. Qd2 bxc4 13. Bxc4 Rb8 14. b3 Ba6 $11 {1/2-1/2 Nolte,R-Wynn
Zaw Htun/Vung Tau 2000/CBM 76 ext (42)}) 10... Nfe8 11. exd6 Nxd6 12. Bxc5 exd5
13. cxd5 Re8+ 14. Kf1 $14) 10. a4 e5 (10... Rb8 11. O-O Bd7 12. a5 $14 {
1-0 Loncar,R-Vavpetic,V/Bled SLO 2001/The Week in Chess 334 (36)}) (10... b6
11. O-O Bd7 (11... Rb8 12. Rb1 a5 13. Qd2 $14 {1-0 Mkrtchian,L-Aarthie,R/
Yerevan 2000/CBM 78 ext (39)}) 12. Bf4 Rb8 13. e5 Nfe8 14. Qd2 $14 {0-1
Ostermeier,R-Joao,C/Germany 1995/EXT 99 (47)}) 11. g4 (11. O-O $14) 11... Kh8
12. Qd2 Rb8 13. a5 $14 {1/2-1/2 Skembris,S-Georgiev,K/Antalya TUR 2001/The
Week in Chess 335 (18)}) 9... e6 10. dxe6 (10. e5 dxe5 11. Bxc5 Re8 12. d6 Na6
13. Ba3 e4 14. Ng5 Bh6 15. h4 $16) 10... Nxe6 11. Be2 ({Interesting but maybe
too risky was} 11. O-O-O b5 $5 (11... Qa5 12. Kb1 a6 13. Nd5 Qxd2 14. Nxf6+
Bxf6 15. Rxd2 Rd8 16. h4 $14) 12. cxb5 a6 (12... Bb7 13. Bd3 $14 (13. Ng5)) 13.
Qxd6 Qa5 14. Bxc5 Nxc5 (14... Rd8 15. Qb6 Rxd1+ 16. Kxd1 $18) 15. Qxc5 Be6 16.
Nd4 Rfc8 17. Nc6 Bh6+ 18. Kb1 Nxe4 19. Nxa5 Nxc5 20. bxa6 Nxa6 21. Nb7 (21.
Bxa6 Rxa6 22. Nb3 Bf5+ 23. Ka1 Bc2 $15) 21... Bg7 {Black has sufficient
compensation:} 22. Nd6 Rcb8 23. Ncb5 Nb4 24. a3 Ba2+ 25. Ka1 Bb3 26. Rc1 Rd8 {
[%csl Ra3,Rd6][%cal Gd8d6,Gg7a1]} 27. Bc4 Rxd6 28. Bxb3 Rd2 29. Nc3 Nd3 30. Rc2
Rxc2 31. Bxc2 Bxc3 32. bxc3 Rxa3+ 33. Kb1 Rxc3 $11) 11... b6 12. O-O Bb7 {
[%csl Re4][%cal Gb7e4,Gf6e4]} 13. Bd3 $14 {Plans of both sides are to Attack
weak P on d6 and e4. White has space advantage.} Re8 {[%cal Ge8e4]} 14. Rad1 {
[%cal Gd1d6]} Nc7 {[%csl Re4] Black threats to take on e4 again.} 15. Qc2 (15.
Bg5 Qc8 16. Rfe1 $14) 15... Nd7 (15... Qe7 16. Rfe1 a6 17. Bg5 b5 18. Qd2 $14)
16. Bg5 Qb8 (16... Bf6 17. Bf4 $14) 17. Be2 {[%csl Rd6][%cal Gd1d6]} (17. Rfe1
$14) 17... Ne5 ({It was not clever to accept P sacrifice:} 17... Bxc3 $2 18.
Qxc3 Bxe4 (18... Rxe4 $2 19. Bh6 f6 20. Rfe1 d5 21. cxd5 Bxd5 22. Ng5 Re5 (
22... Re8 23. Bc4 Rxe1+ 24. Qxe1 Qe8 25. Bxd5+ Nxd5 26. Qxe8+ Rxe8 27. Rxd5 $18
) 23. Bc4 Qd8 24. Rxe5 Nxe5 25. Ne4 Kf7 26. Bxd5+ Nxd5 27. Qd2 $18 {[%csl Rd5]}
) 19. Bh6 (19. Rxd6 Nb5 $1 $19) 19... f6 (19... Ne5 20. Ng5 d5 21. Nxe4 dxe4
22. f4 exf3 23. Bxf3 Nxf3+ 24. Rxf3 {[%csl Rg7][%cal Gc3g7]} Ne6 25. Rd7 Rd8
26. Rdxf7 Rd1+ 27. Kf2 Rd4 28. Re7 Qe5 29. Rff7 Re8 30. Qf3 Rdd8 31. Rg7+ Qxg7
(31... Nxg7 32. Qf7+) 32. Rxe8+ Rxe8 33. Bxg7 Nxg7 34. Qb7 $18) 20. Rfe1 (20.
Ng5 Bxg2 21. Rxd6 Ne5 ({Here doesn't go} 21... Nb5 $2 22. Rxd7 $1 Nxc3 23. Rg7+
Kh8 (23... Kf8 24. Nxh7#) 24. Nf7#) 22. Rfd1 (22. Kxg2 fxg5 23. f4 gxf4 24. Rf6
Ne6 $15) 22... fxg5 23. Kxg2 Qb7+ (23... Ne6 24. Bf3 $16) 24. Bf3 Qxf3+ 25.
Qxf3 Nxf3 26. Kxf3 Ne6 27. Rd7 Nd4+ 28. Kg2 $44) 20... Ne6 21. Nd2 Bc6 22. Bg4
Nd4 23. Nb3 $16 {Of course, noted variation are note obliged, but general
feeling is: position is quite dangerous for Black.}) 18. Nxe5 dxe5 $6 $16 {
Black decided get rid from weak Pd6, but after the move in the text White
recieves advantage.} (18... Bxe5 $142 19. Bd3 $14) 19. Bg4 $1 f6 (19... h6 20.
Be3 Bc8 21. Bxc8 Qxc8 22. Nb5 $1 (22. Nd5 Ne6 $14) 22... Nxb5 23. cxb5 Qe6 24.
Rd5 $16) 20. Be3 Bc8 21. Bxc8 Qxc8 22. Nb5 ({Worth of attention also} 22. Qa4
$16) 22... Bf8 23. Nd6 $1 {After this strong move White keeps d-line and an
advantage.} ({Right and quite strong was also} 23. Nxc7 $1 Qxc7 24. Rd5 $16 {
with serious advantage because of "bad" Bf8 and domination on d-line.} Rad8 25.
Rfd1 Rd6 26. Qa4 Red8 27. Qa6 $1 $16 {[%cal Gd1d3,Gd3a3] Maybe Kharlov didn't
see how he can increase his advantage?}) 23... Bxd6 24. Rxd6 Ne6 25. f4 $2 $11
{This move is totally unlogical here!} ({After strong} 25. Rfd1 $1 {Black has
no way to equalize:} Nd4 {[%csl Rf6][%cal Gd6f6]} ({Or} 25... Kf7 26. R1d5 Nd4
27. Qd3 Re7 28. b4 $16) (25... Re7 26. Qd3 Qf8 27. Qd5 Rae8 28. a3 Kg7 29. b4
Nd4 30. bxc5 bxc5 (30... Ne2+ 31. Kf1 Nc3 32. Qd2 $18 {[%csl Rc3,Rf8,Rg7][%cal
Gd2h6]}) 31. Qxc5 $18) ({Or} 25... Rd8 26. Rxd8+ Nxd8 27. Rd6 $1 Ne6 (27... Kg7
28. Qd2 $1 {[%cal Gd2d7,Gd2h6]} (28. Qa4 $2 Nf7 29. Rd5 a6 $1 {[%cal Ga8a7]} (
29... Qb7 30. Rd7 Qxe4 (30... Qc8 31. Qd1 $16) 31. Rxf7+ $18) 30. Qd7 Qxd7 31.
Rxd7 Rd8 $11) 28... Nf7 29. Rd7 Qc6 30. Qd5 $16) 28. Qd2 {[%cal Gd2d5]} Nd4 29.
Rxf6 $16 {[%cal Ge3g5,Gg5f6,Gf2f4] Rf6 looks vulnerable, but it is illusion!})
26. Bxd4 exd4 27. Rxf6 $16) 25... exf4 26. Bxf4 Qb7 $5 ({Or} 26... Nd4 $5 27.
Qd3 Re6 28. Rd5 Qe8 $11) 27. Bh6 Qe7 28. Rd5 (28. Qd2 Rad8 29. Rxd8 Rxd8 30.
Qf2 Rd4 31. Qxf6 Qxf6 32. Rxf6 Rxe4 33. Kf2 Ng7 34. b3 Re8 35. g4 Ne6 $11)
28... Nd4 29. Qf2 Qxe4 30. Qxf6 Qe7 $11 31. g4 ({White could try a little trap:
} 31. Qf2 Qe6 (31... Nf5 $2 {suddenly loses!} 32. Rxf5 $1 gxf5 33. Qg3+ Kh8 34.
Bd2 {[%cal Gd2c3]} Rad8 35. Bc3+ Rd4 36. Rxf5 $16) 32. b3 Rac8 33. Rd6 Qf5 34.
Rf6 Qxf2+ 35. R1xf2 Nf5 $11) 31... Qxf6 32. Rxf6 Re7 33. Kg2 Rae8 34. Rf1 Rf7
35. Rxf7 Kxf7 36. Rd7+ Re7 37. Rxe7+ Kxe7 38. Bg7 Nc6 39. Kf3 Nb4 40. a3 Nc6
41. Ke4 Ke6 {[%csl Rc4][%cal Gc6a5,Ga5c4] White has certain space advantage
and B must be "better" than N. But Black has no weaknesses and White K can't
penetrate to Black's camp.} 42. Bc3 Nd8 43. Bd2 ({Equal position after} 43. b4
Nf7 44. b5 (44. bxc5 bxc5 45. Bd2 Nd6+ 46. Kd3 Ke5 47. Bh6 Ne4 48. Ke3 Nd6 49.
Bf4+ Ke6 50. Kd3 (50. Bxd6 Kxd6 51. Kf4 h6 $11) 50... Nf7 $11) 44... Nd6+ 45.
Kd3 Nf7 46. Be1 Ne5+ 47. Kc3 h5 48. gxh5 gxh5 49. a4 Kf5 50. Bh4 Kf4 51. Bd8
Nd7 52. h4 (52. a5 bxa5 53. Bxa5 Kg3 $15) 52... Kg4 53. Be7 $11) 43... Nb7 44.
Bf4 Na5 45. Kd3 Nc6 46. b3 h5 47. gxh5 Kf5 48. Bd6 (48. h6 $4 Kxf4 49. h7 Ne5+
50. Kc3 Nf7 $19) 48... gxh5 49. b4 Ne5+ 50. Kc3 Nd7 51. b5 Ke4 52. a4 Ke3 53.
Bc7 Ke4 54. Bd6 1/2-1/2

[Event "Dubai op"]
[Site "Dubai"]
[Date "2001.04.17"]
[Round "3"]
[White "Kharlov, Andrei"]
[Black "Ghane Gardeh, Shojaat"]
[Result "1-0"]
[WhiteElo "2639"]
[BlackElo "2465"]
[PlyCount "60"]
[EventDate "2001.04.15"]
[EventType "swiss"]
[EventRounds "9"]
[EventCountry "UAE"]
[SourceTitle "CBM 083"]
[Source "ChessBase"]
[SourceDate "2001.07.05"]
[SourceVersion "1"]
[SourceVersionDate "2001.07.05"]
[SourceQuality "1"]

1. c4 e6 2. Nc3 c5 3. e3 Nf6 4. Nf3 b6 5. d4 Bb7 6. d5 exd5 7. cxd5 d6 8. e4
Be7 9. Bd3 O-O 10. O-O Ng4 11. h3 Ne5 12. Nxe5 dxe5 13. f4 Bf6 14. f5 Ba6 15.
Bxa6 Nxa6 16. Qa4 Nb4 17. Rf3 Qe8 18. Qb3 Rc8 19. a3 Nd3 20. Qc4 Nf4 21. Be3
Qd7 22. Rd1 g5 23. Qf1 Kh8 24. g3 Nh5 25. Qc4 Rg8 26. Kf2 Be7 27. d6 Bxd6 28.
Bc1 Rcd8 29. Rfd3 Qe7 30. a4 Nf6 1-0

[Event "Dubai op"]
[Site "Dubai"]
[Date "2001.04.18"]
[Round "4"]
[White "Al Modiahki, Mohamad"]
[Black "Kharlov, Andrei"]
[Result "1/2-1/2"]
[WhiteElo "2490"]
[BlackElo "2639"]
[PlyCount "90"]
[EventDate "2001.04.15"]
[EventType "swiss"]
[EventRounds "9"]
[EventCountry "UAE"]
[SourceTitle "CBM 083"]
[Source "ChessBase"]
[SourceDate "2001.07.05"]
[SourceVersion "1"]
[SourceVersionDate "2001.07.05"]
[SourceQuality "1"]

1. e4 e5 2. Nf3 Nc6 3. d4 exd4 4. c3 Nf6 5. e5 Ne4 6. Qe2 f5 7. exf6 d5 8. Nbd2
Qxf6 9. Nxe4 dxe4 10. Qxe4+ Qe6 11. Bd3 dxc3 12. O-O Qxe4 13. Bxe4 Bd7 14. bxc3
O-O-O 15. Ng5 Re8 16. Bxh7 Bd6 17. h3 Ne5 18. Bc2 Bc5 19. Bf4 Rhf8 20. Bg3 Bf5
21. Bb3 Nd3 22. Rad1 Re2 23. Ne6 Bxe6 24. Rxd3 Bxb3 25. axb3 a5 26. h4 b6 27.
c4 Rf5 28. Kh2 Bxf2 29. Kh3 g6 30. Bxf2 Rfxf2 31. Rxf2 Rxf2 32. g4 Kb7 33. h5
gxh5 34. gxh5 Kc6 35. Kg4 Kc5 36. Rd5+ Kb4 37. Rb5+ Kc3 38. h6 Rf7 39. Kg5 Rd7
40. Kg6 Rd6+ 41. Kg5 Rd7 42. Kh5 Kc2 43. Kg6 Rd6+ 44. Kg5 Rd7 45. Rd5 Rh7
1/2-1/2

[Event "Dubai op"]
[Site "Dubai"]
[Date "2001.04.19"]
[Round "5"]
[White "Kharlov, Andrei"]
[Black "El Taher, Fouad"]
[Result "1-0"]
[WhiteElo "2639"]
[BlackElo "2476"]
[PlyCount "89"]
[EventDate "2001.04.15"]
[EventType "swiss"]
[EventRounds "9"]
[EventCountry "UAE"]
[SourceTitle "CBM 083"]
[Source "ChessBase"]
[SourceDate "2001.07.05"]
[SourceVersion "1"]
[SourceVersionDate "2001.07.05"]
[SourceQuality "1"]

1. d4 Nf6 2. c4 g6 3. Nc3 Bg7 4. Nf3 O-O 5. g3 d6 6. Bg2 c6 7. O-O Qa5 8. e3
Qh5 9. Nd2 Qxd1 10. Rxd1 Rd8 11. b3 c5 12. dxc5 Nfd7 13. Nd5 Bxa1 14. Nxe7+ Kf8
15. Nxc8 Nxc5 16. Ba3 Nba6 17. Rxa1 Raxc8 18. b4 Nd3 19. Bxb7 Naxb4 20. Bxb4
Nxb4 21. Bxc8 Rxc8 22. Kf1 Rc6 23. Ke2 Rb6 24. f4 Ke7 25. a3 Ra6 26. Rb1 Nc6
27. Rb7+ Ke6 28. Nf3 h6 29. Rc7 Kf6 30. g4 Nd8 31. g5+ Kg7 32. Nd4 hxg5 33.
fxg5 Kf8 34. Nb5 Ra4 35. h4 a6 36. Nxd6 Rxa3 37. Kf3 Rd3 38. c5 Ne6 39. Rxf7+
Kg8 40. Rf6 Nxc5 41. Rxg6+ Kh7 42. Rh6+ Kg8 43. Ne4 Nxe4 44. Kxe4 Ra3 45. Kf4
1-0

[Event "Dubai op"]
[Site "Dubai"]
[Date "2001.04.20"]
[Round "6"]
[White "Glek, Igor"]
[Black "Kharlov, Andrei"]
[Result "1/2-1/2"]
[WhiteElo "2566"]
[BlackElo "2639"]
[PlyCount "100"]
[EventDate "2001.04.15"]
[EventType "swiss"]
[EventRounds "9"]
[EventCountry "UAE"]
[SourceTitle "CBM 083"]
[Source "ChessBase"]
[SourceDate "2001.07.05"]
[SourceVersion "1"]
[SourceVersionDate "2001.07.05"]
[SourceQuality "1"]

1. e4 c5 2. Nf3 d6 3. d4 cxd4 4. Nxd4 Nf6 5. Nc3 Nc6 6. Be2 e6 7. O-O Be7 8.
Kh1 O-O 9. f4 Nxd4 10. Qxd4 b6 11. f5 Bb7 12. Bg5 e5 13. Qd3 Nd7 14. Be3 Nc5
15. Bxc5 dxc5 16. Qg3 Bf6 17. Bc4 Rc8 18. a4 a5 19. Qf3 Qe7 20. Qe2 Ra8 21.
Rad1 Rfd8 22. Nd5 Bxd5 23. Bxd5 Rab8 24. Rf3 Rd6 25. g3 Rbd8 26. Kg2 Bg5 27. h4
Bh6 28. c4 Kf8 29. f6 Rxf6 30. Rxf6 gxf6 31. Qh5 Kg7 32. Rf1 Rd6 33. Rf5 Qf8
34. Qf3 Bc1 35. b3 Qg8 36. Kh3 Bd2 37. Qd3 Bc1 38. Qc3 Ba3 39. Qa1 Bb4 40. Qf1
Bd2 41. Qf2 Bc1 42. Kh2 Bh6 43. Rh5 Qc8 44. Qf3 Bc1 45. Kg2 Bh6 46. Rf5 Qg8 47.
Kf2 Bc1 48. Qe2 Bh6 49. Qh5 Bd2 50. Ke2 Bc3 1/2-1/2

[Event "Dubai op"]
[Site "Dubai"]
[Date "2001.04.22"]
[Round "7"]
[White "Kharlov, Andrei"]
[Black "Galkin, Alexander"]
[Result "1/2-1/2"]
[WhiteElo "2639"]
[BlackElo "2556"]
[PlyCount "93"]
[EventDate "2001.04.15"]
[EventType "swiss"]
[EventRounds "9"]
[EventCountry "UAE"]
[SourceTitle "CBM 083"]
[Source "ChessBase"]
[SourceDate "2001.07.05"]
[SourceVersion "1"]
[SourceVersionDate "2001.07.05"]
[SourceQuality "1"]

1. d4 d5 2. c4 e6 3. Nc3 c6 4. e4 Bb4 5. cxd5 exd5 6. exd5 Qxd5 7. Nf3 Nf6 8.
Bd3 O-O 9. O-O Bxc3 10. bxc3 Bg4 11. c4 Bxf3 12. gxf3 Qh5 13. Rb1 b6 14. Kh1
Nbd7 15. Rg1 Rfe8 16. Rg5 Qh4 17. Qg1 g6 18. Be3 c5 19. Rg3 Nh5 20. Rg4 Qh3 21.
Qd1 Nhf6 22. Bf1 Qh5 23. Rg5 Qh4 24. Rg3 Nh5 25. Rg1 Qf6 26. Bh3 cxd4 27. Bxd7
dxe3 28. Bxe8 Rxe8 29. fxe3 Rxe3 30. Rb3 Re5 31. Rb5 Nf4 32. Rxe5 Qxe5 33. Qd2
Ne6 34. Re1 Qf6 35. Qd3 h5 36. Qe4 h4 37. Rf1 Nf4 38. Rd1 h3 39. Qd4 Qf5 40.
Re1 Kh7 41. Qf2 Qf6 42. Rd1 Qf5 43. a3 Ne6 44. Qh4+ Kg7 45. Qg4 Qc2 46. Rg1 Nc5
47. Qd4+ 1/2-1/2

[Event "Dubai op"]
[Site "Dubai"]
[Date "2001.04.23"]
[Round "8"]
[White "Odeev, Handszar"]
[Black "Kharlov, Andrei"]
[Result "1/2-1/2"]
[WhiteElo "2471"]
[BlackElo "2639"]
[PlyCount "80"]
[EventDate "2001.04.15"]
[EventType "swiss"]
[EventRounds "9"]
[EventCountry "UAE"]
[SourceTitle "CBM 083"]
[Source "ChessBase"]
[SourceDate "2001.07.05"]
[SourceVersion "1"]
[SourceVersionDate "2001.07.05"]
[SourceQuality "1"]

1. e4 c5 2. Nf3 Nc6 3. Bb5 d6 4. Bxc6+ bxc6 5. O-O Bg4 6. d3 e5 7. h3 Bh5 8.
Nbd2 Be7 9. Re1 Nf6 10. Nf1 O-O 11. Ng3 Bg6 12. Nh4 Ne8 13. Nhf5 Bg5 14. c3
Bxf5 15. Nxf5 g6 16. Ng3 Bxc1 17. Rxc1 Qb6 18. Rc2 Ng7 19. Rd2 Ne6 20. Ne2 Rfe8
21. Kh2 Rad8 22. Ng1 f6 23. Nf3 Kg7 24. Qa4 Re7 25. d4 cxd4 26. cxd4 c5 27.
dxc5 dxc5 28. Rxd8 Qxd8 29. Rd1 Nd4 30. Rd3 Qb6 31. b3 h5 32. Qc4 Qa5 33. Rc3
Rf7 34. Qxc5 Nxf3+ 35. gxf3 Qxa2 36. Kg2 h4 37. Qe3 g5 38. Rc8 Qa6 39. Qc5 Qb7
40. b4 Qe7 1/2-1/2

[Event "RUS-ch 54th"]
[Site "Elista"]
[Date "2001.04.30"]
[Round "1"]
[White "Kharlov, Andrei"]
[Black "Timofeev, Artyom"]
[Result "1-0"]
[WhiteElo "2639"]
[BlackElo "2522"]
[Annotator "Krasenkow,M"]
[PlyCount "88"]
[EventDate "2001.04.29"]
[EventType "swiss"]
[EventRounds "9"]
[EventCountry "RUS"]
[SourceTitle "CBM 083"]
[Source "ChessBase"]
[SourceDate "2001.07.05"]
[SourceVersion "1"]
[SourceVersionDate "2001.07.05"]
[SourceQuality "1"]

1. d4 Nf6 2. c4 g6 3. Nc3 d5 4. cxd5 Nxd5 5. e4 Nxc3 6. bxc3 Bg7 7. Bc4 O-O 8.
Ne2 Nc6 9. O-O Na5 10. Bd3 b6 11. Bg5 c5 $6 {Black starts a straightforward
plan intending to destroy the white pawn centre despite the weakening of his
own position. It was better to play in a more reserved manner, e.g.} (11... Qd7
12. Qd2 Re8 13. Rad1 Qa4 14. Bh6 Nc4 15. Bxc4 Qxc4 16. Bxg7 Kxg7 17. Rfe1 Bb7
18. Qg5 Rad8 19. Nf4 $2 Qxc3 20. Ne6+ fxe6 21. Qe5+ Kf7 22. Re3 Qc6 23. Rh3 Kg8
24. Rh4 {0-1 Hasanov,M-Yandemirov,V/Kazan 1995/CBM 49 ext (24)}) 12. d5 h6 13.
Bh4 g5 14. Bg3 e6 {[%mdl 128]} 15. f4 $1 {Starting an attack of Black's
weakened kingside.} exd5 16. exd5 f5 $6 (16... g4 {or}) (16... Bg4 {was more
appropriate.}) 17. fxg5 hxg5 18. d6 $1 Qe8 (18... Qd7 $5) 19. Qd2 f4 {[%mdl
512]} 20. Bxf4 $1 gxf4 21. Nxf4 Qe5 22. Ng6 Rxf1+ 23. Rxf1 Qxd6 24. Qe2 {
Despite Black's extra piece, his king is helpless. White is now threatened
both 25.Qe4 and 25.Qh5 aiming to h7.} Bb7 ({Or} 24... Be6 25. Qe4 {[%cal Rg6e7]
} Bd4+ $8 26. Kh1 {with decisive threats.}) 25. Ne7+ (25. Qh5 $1 {[%cal Rg6e7]
was winning at once:} Bxc3 (25... Bf6 26. Ne5 $1 Qxe5 (26... Qe7 27. Rxf6 $18)
27. Qg6+ $18) 26. Qg5 Bg7 27. Ne7+ Kh8 28. Bg6 $18) 25... Kh8 26. Qh5+ (26. Rf4
$1 {(threatening 27.Rh4+ Bh6 28.Rxh6+!)} Rf8 27. Qh5+ Qh6 28. Rh4 Qxh5 29.
Rxh5+ Bh6 30. Rxh6+ Kg7 31. Rd6 {was enough to win, too.}) 26... Qh6 27. Qf5
Rd8 ({Or} 27... c4 28. Ng6+ Kh7 29. Ne5+ Kg8 30. Ng4 Qh4 31. g3 $18) 28. Ng6+
Kh7 29. Ne5+ Kg8 30. Qf7+ (30. Ng4 Qh4 31. g3 {was good here, too.}) 30... Kh8
31. Ng6+ (31. Qe7 $142 {-see game.}) 31... Kh7 32. Ne5+ $2 {White wants to
repeat the position (probably under time pressure) but blunders.} (32. Ne7+ Kh8
33. Rf4 {[%cal Rf4h4]} c4 34. Nf5 {lead to an easy victory.}) 32... Kh8 $2 {
Returning the present.} ({After} 32... Rxd3 {White has nothing better than the
perpetual check as} 33. Qf5+ Kg8 34. Nxd3 Qe3+ 35. Kh1 Qe2 {is risky for him.})
33. Qe7 $1 $18 Rxd3 34. Nf7+ Kh7 35. Ng5+ $2 (35. Nxh6 {was winning at once:}
Kxh6 (35... Rd2 36. Rf7 $1 Rxg2+ 37. Kf1 Kxh6 38. Qe6+ Kh7 39. Rxb7 $18) 36.
Rf5 {with an inevitable mate.}) 35... Qxg5 36. Qxg5 Rd5 37. Qh4+ Kg8 38. Re1 {
White is still winning, mostly thanks to the poor position of the black knight.
His attack continues.} Bc6 $2 (38... Re5 $1 {was essential to prevent the
invasion of White's rook to the seventh rank, and if} 39. Qd8+ {then} Kh7) 39.
Qg4 $1 {[%cal Re1e7]} Rd2 (39... Bd7 40. Qg6) 40. Qe6+ Kh8 41. Qc8+ Kh7 42.
Qf5+ Kg8 43. Re7 $1 Rxg2+ 44. Kf1 Kh8 (44... Kh8 {Black resigned not waiting
for} 45. Rc7 {with inevitable 46.Rc8+}) 1-0